| 000 | 01048cam a22002773a 4500 | ||
|---|---|---|---|
| 001 | 19589 | ||
| 003 | PGUSA | ||
| 005 | 20140828083421.0 | ||
| 008 | 061020s2006||||xxu|||||s|||||000 | eng d | ||
| 040 |
_aPGUSA _beng |
||
| 042 | _adc | ||
| 050 | 4 | _aE011 | |
| 100 | 1 |
_aBigges, Walter, _d-1586 |
|
| 245 | 1 | 2 |
_aA Svmmarie and Trve Discovrse of Sir Frances Drakes VVest Indian Voyage : _bWherein were taken, the townes of Saint Iago, Sancto Domingo, Cartagena and Saint Augustine. _h[electronic resource] / _cWalter Bigges |
| 260 |
_bProject Gutenberg, _c2006 |
||
| 506 | _aPublic domain in the USA. | ||
| 516 | _aElectronic text | ||
| 653 | _aExplorers -- Great Britain -- Biography | ||
| 653 | _aExplorers -- America -- Biography | ||
| 653 | _aWest Indies Expedition, 1585-1586 | ||
| 653 | _aDrake, Francis, Sir, 1540?-1596 -- Travel -- West Indies | ||
| 740 | 0 | _aSummarie and true discourse of Sir Frances Drakes West Indian voyage | |
| 830 | 0 |
_aProject Gutenberg _v19589 |
|
| 856 | 4 | 0 | _uhttp://www.gutenberg.org/ebooks/19589 |
| 942 | _cEB | ||
| 999 |
_c248844 _d248844 |
||